000 00720nam a2200229Ia 4500
005 20251020182543.0
008 200515s9999 xx 000 0 und d
082 _a744:721/C59
100 _aCLARK, Roger H.PAUSE, Michael
245 0 _aArquitectura: temas de composición
250 _a3a ed.
260 _aMéxico, D.F.
260 _c1997
300 _a274
500 _a1 ejemplar
520 _aInformación gráfica veraz sobre 88 edificios que representan un espectro cronológico, funcional y estilístico dilatado, acompañada de un análisis pormenorizado de cada uno de ellos
650 _aARQUITECTURA
650 _aCOMPOSICION
650 _aDIBUJO ARQUITECTONICO
650 _aLIB
942 _cLIB
999 _c2464
_d2464